000 00679nam a22001817a 4500
999 _c178472
_d178472
005 20210331152338.0
010 _aENG-129359
020 _a978-93-5388-372-0
_c1395.00
035 _aEN-112891
037 _bDBAD/PUB
082 _a352.2660954
100 _aBhattacharjee, Govind
245 _aPublic Sector Enterprises in India; Evolution, Privatisation and reforms/
_cGovind Bhattacharjee
260 _aNew Delhi
_bSage Publication India
_c2020
270 _aB1/1-1 Mohan Cooperative Industrial Area Mathura Road
_bNew Delhi
_e110044
300 _axvi+407p.
_c22cm(hbk)
_bIncluding bibliographical references and index.
942 _2ddc
_cEN
_h352.2660954
_mBHA